000 01043nam a22002417a 4500
005 20100807112112.0
010 _aHIN-90041
020 _c200.00
_a8188858803
035 _aHN-62387
037 _bDBAD / PUB
082 _a910.4
100 _aशुक्ल, प्रयाग
_98290
245 _aत्रांदाइम में ट्राम /
_cप्रयाग शुक्ल
246 _aTrondheim Mein Tram
_bby Prayag Shukla
260 _aबीकानेर
_bसूर्य प्रकाशन मन्दिर
_c2010
270 _aनेहरू मार्ग (दाऊजी रोड़)
_bबीकानेर
300 _a160पृ
_c22सेमी (सजिल्द)
700 _97228
700 _97267
700 _97698
942 _adpl
_cHN
_k
_2ddc
_mशुक्लप्र
_h910.4
999 _c39983
_d39983